000 00304nam a2200121 i 4500
001 bg
245 0 _aPsychologiczne podstawy oceniania pracowników /
_cpod red. Z. Ratajczak.
260 _aKatowice,
_c1984.
040 _cBPK
041 _apol
942 _cKS
008 s pl f |000 0 pol
999 _c23156
_d23156
856 _uhttp://koha.tu.koszalin.pl/cgi-bin/koha/opac-detail.pl?biblionumber=23156
_yKatalog online BPK